000 00977nam a2200265Ia 4500
003 OSt
005 20221005103208.0
006 a|||||r|||| 00| 0
007 ta
008 221004b |||||||| |||| 00| 0 hin d
020 _a9788190232436 (hbk)
_c395
024 _a13698
037 _b5160, 26/03/2014, Friends Publications (India)
_cTextual
040 _aCRL
_cCRL
_bhin
041 _2hin
_ahin
082 _aQ4, 152Q3
100 _aगंगवार, ममता, संपा.
245 0 _aबुद्ध विचारधारा की प्रासंगिकता
246 _aBuddha vichāradhārā kī prāsangikatā
260 _aकानपुर
_bसाहित्य निलय भारत
_c2013
300 _a192पृ0
_ccm.
650 _aधर्म
942 _hQ4, 152Q3
_cTEXL
_2cc
999 _c1009616
_d1009616